Statistics for Countries And Their Capitals

Click here to take the quiz!

General Stats

  • This quiz has been taken 135 times
    (123 since last reset)
  • The average score is 16 of 20

Answer Stats

Country/CapitalAnswer% Correct
Country:United KingdomLondon
96%
Capital:CopenhagenDenmark
95%
Capital:CanberraAustralia
91%
Capital:BrusselsBelgium
88%
Country:HungaryBudapest
88%
Country:TurkeyAnkara
85%
Capital:SofiaBulgaria
85%
Capital:MinskBelarus
84%
Country:PeruLima
81%
Capital:San SalvadorEl Salvador
81%
Country:New ZealandWellington
80%
Country:RomaniaBucharest
80%
Capital:RiyadhSaudi Arabia
77%
Country:PhillippinesManila
77%
Capital:RabatMorocco
73%
Capital:NicosiaCyprus
73%
Country:NepalKathmandu
68%
Country:AzerbaijanBaku
59%
Country:SomaliaMogadishu
55%
Capital:JubaSouth Sudan
50%

Score Distribution

Percentile by Number Answered

Percent of People with Each Score

Your Score History

You have not taken this quiz since the last reset